Państwa uznające Tajwan - Statystyki

Ogólne statystyki
  • Ten quiz został rozwiązany 15 razy
  • Średni wynik to 6 z 12
Statystyki odpowiedzi
Odpowiedź % Poprawnych
Watykan
75%
Belize
63%
Saint Kitts i Nevis
63%
Saint Lucia
63%
Wyspy Marshalla
63%
Paragwaj
50%
Saint Vincent i Grenadyny
50%
Haiti
38%
Palau
38%
Tuvalu
38%
Eswatini
25%
Gwatemala
25%
Nie znaleziono quizów pasujących do podanych kryteriów
Rozkład punktacji
Procent ludzi z każdym wynikiem
Percentyl według liczby udzielonych odpowiedzi
Twoja historia wyników
Nie rozwiązałeś tego quizu